| 000 | 00693nam a2200229Ia 4500 | ||
|---|---|---|---|
| 003 | GCL | ||
| 008 | 140319s9999 xx 000 0 ara d | ||
| 040 |
_aGCL / _cGCL |
||
| 082 | 0 | 4 |
_a398.3 _bج ر |
| 100 | 1 | _aجان صدقة | |
| 245 | 1 | 0 |
_aرموز وطقوس: دراسات فى الميثولوجيا القديمة / _cجان صدقة |
| 260 |
_a[S.N] : _bرياض الريس للكتب والنشر ، _c1989 |
||
| 300 | _a174 ص | ||
| 490 | _a | ||
| 650 | 0 | 4 | _aالفولكلور |
| 650 | 0 | 4 | _aالشياطين والجان |
| 650 | 0 | 4 | _aالسحر |
| 650 | 0 | 4 | _aالشياطين |
| 650 | 0 | 4 | _aالثعابين |
| 650 | 0 | 4 | _aالثعابين فى الادب |
| 942 |
_2ddc _cBK |
||
| 999 |
_c29339 _d29339 |
||